|
|
|
|
| LEADER |
00000nam0a2200000 4500 |
| 001 |
105377 |
| 005 |
20231101214616.0 |
| 035 |
|
|
|a (RuTPU)RU\TPU\book\113709
|
| 090 |
|
|
|a 105377
|
| 100 |
|
|
|a 20061115d1963 k y0rusy50 ca
|
| 101 |
0 |
|
|a rus
|
| 102 |
|
|
|a RU
|
| 105 |
|
|
|a a z 001zy
|
| 200 |
1 |
|
|a Радиохимический анализ
|f А. К. Лаврухина, Т. В. Малышева, Ф. И. Павлоцкая
|g Академия наук СССР (АН СССР), Институт геохимии и аналитической химии им. В. И. Вернадского (ГЕОХИ РАН)
|
| 210 |
|
|
|a Москва
|c Изд-во АН СССР
|d 1963
|
| 215 |
|
|
|a 220 с.
|c ил.
|
| 320 |
|
|
|a Библиогр. в конце гл.
|
| 606 |
1 |
|
|a Радиохимический анализ
|2 stltpush
|3 (RuTPU)RU\TPU\subj\23296
|9 47918
|
| 610 |
1 |
|
|a радиоэлементы
|
| 610 |
1 |
|
|a адсорбция
|
| 610 |
1 |
|
|a радиоактивный распад
|
| 675 |
|
|
|a 543.52
|v 3
|
| 700 |
|
1 |
|a Лаврухина
|b А. К.
|g Августа Константиновна
|
| 701 |
|
1 |
|a Малышева
|b Т. В.
|g Тамара Владимировна
|
| 701 |
|
1 |
|a Павлоцкая
|b Ф. И.
|g Фанни Ильинична
|
| 712 |
0 |
2 |
|a Академия наук СССР (АН СССР)
|b Институт геохимии и аналитической химии им. В. И. Вернадского (ГЕОХИ РАН)
|c (Москва)
|2 stltpush
|3 (RuTPU)RU\TPU\col\11383
|
| 801 |
|
1 |
|a RU
|b 63413507
|c 20061115
|g PSBO
|
| 801 |
|
2 |
|a RU
|b 63413507
|c 20210528
|g PSBO
|
| 942 |
|
|
|c BK
|